Detalles MARC
| 000 -CABECERA |
| campo de control de longitud fija |
01833nam a2200265 a 4500 |
| 001 - NÚMERO DE CONTROL |
| campo de control |
000014806 |
| 005 - FECHA Y HORA DE LA ÚLTIMA TRANSACCIÓN |
| campo de control |
20200929163914.0 |
| 008 - DATOS DE LONGITUD FIJA--INFORMACIÓN GENERAL |
| campo de control de longitud fija |
100122s2007 dr 001 0 spa d |
| 040 ## - FUENTE DE LA CATALOGACIÓN |
| Centro catalogador/agencia de origen |
DO-SdBNP |
| Lengua de catalogación |
spa |
| Centro/agencia transcriptor |
BNPHU |
| 082 ## - NÚMERO DE LA CLASIFICACIÓN DECIMAL DEWEY |
| Número de clasificación |
342.082 |
| Número de documento/Ítem |
M491g |
| 100 1# - ENTRADA PRINCIPAL--NOMBRE DE PERSONA |
| Nombre de persona |
Medina Méndez, Rafael Belisario |
| 9 (RLIN) |
33547 |
| 245 10 - MENCIÓN DE TÍTULO |
| Título |
Guía migratoria : |
| Resto del título |
visas americanas / |
| Mención de responsabilidad, etc. |
Rafael Belisario Medina ; prólogo Ramón Alburquerque ; edición Joselín A. Tavárez. |
| 260 ## - PUBLICACIÓN, DISTRIBUCIÓN, ETC. |
| Lugar de publicación, distribución, etc. |
Washington, D.C. : |
| Nombre del editor, distribuidor, etc. |
Provisa Internacional Law Center, |
| Fecha de publicación, distribución, etc. |
2007. |
| 300 ## - DESCRIPCIÓN FÍSICA |
| Extensión |
250 p. ; |
| Dimensiones |
22 cm. |
| 500 ## - NOTA GENERAL |
| Nota general |
Incluye datos biográficos del autor en la solapa de la contracubierta |
| 505 0# - NOTA DE CONTENIDO CON FORMATO |
| Nota de contenido con formato |
Prólogo / |
| Mención de responsabilidad |
Ramón Alburquerque -- |
| Título |
Introducción -- |
| -- |
Autogestión migratoria: preparación de las solicitudes de visas de no-inmigrante -- |
| -- |
Orientación técnica: pautas para llenar el formulario de solicitud de visa de no-inmigrante -- |
| -- |
Preparación electrónica: versión digitalizada de la solicitud de visa de no-inmigrante [EVAF] -- |
| -- |
Opinión consultiva: otra oportunidad cuando la solicitud de visa es rechazada -- |
| -- |
Impedimento de entrada a los EE.UU: solicitud de un indulto o perdón migratorio -- |
| -- |
Diferentes categorías de visas: otras opciones migratorias disponibles -- |
| -- |
Visas de inmigrantes: peticiones de residencia permanente -- |
| -- |
Formularios oficiales de solicitudes de visas: formatos de solicitudes y peticiones de visas americanas -- |
| 590 ## - NOTA LOCAL (RLIN) |
| Nota local |
Inventariado, 2018/ YL |
| 650 #4 - PUNTO DE ACCESO ADICIONAL DE MATERIA--TÉRMINO DE MATERIA |
| Término de materia o nombre geográfico como elemento de entrada |
Política de migración |
| Subdivisión geográfica |
Estados Unidos |
| 9 (RLIN) |
33548 |
| 650 #4 - PUNTO DE ACCESO ADICIONAL DE MATERIA--TÉRMINO DE MATERIA |
| Término de materia o nombre geográfico como elemento de entrada |
Viajes internacionales |
| Subdivisión general |
Reglamentos |
| 9 (RLIN) |
33549 |
| 650 #4 - PUNTO DE ACCESO ADICIONAL DE MATERIA--TÉRMINO DE MATERIA |
| Término de materia o nombre geográfico como elemento de entrada |
Restricciones de viaje |
| 9 (RLIN) |
33550 |
| 651 #4 - PUNTO DE ACCESO ADICIONAL DE MATERIA--NOMBRE GEOGRÁFICO |
| Nombre geográfico |
Estados Unidos |
| Subdivisión general |
Emigración E Inmigración |
| -- |
Legislación |
| 9 (RLIN) |
33551 |
| 700 1# - PUNTO DE ACCESO ADICIONAL--NOMBRE DE PERSONA |
| Nombre de persona |
Alburquerque, Ramón, |
| Término indicativo de función/relación |
pról. |
| 9 (RLIN) |
33552 |
| 700 1# - PUNTO DE ACCESO ADICIONAL--NOMBRE DE PERSONA |
| Nombre de persona |
Tavárez, Joselín A., |
| Término indicativo de función/relación |
ed. |
| 9 (RLIN) |
33553 |
| 910 ## - DATOS DE OPCIÓN DEL USUARIO (OCLC) |
| Datos de opción del usuario |
Validado. Control de calidad EMS |